LDR 00924naa#a2200181#i#450# 001 RU\\bibl\121264 005 20260501231023.5 011 ## _a1994-4683 100 ## _a20230803b2023####ek#y0rusy0150####ca 102 ## _aRU 200 1# _aУЛУЧШЕНИЕ ФУНКЦИОНАЛЬНЫХ ПОКАЗАТЕЛЕЙ СТОПЫ У ЮНЫХ ТАНЦОРОВ 7-9 ЛЕТ _eЖурнальная статья 210 1# _aМосква _cНациональный государственный Университет физической культуры, спорта и здоровья им. П.Ф. Лесгафта _d2023 215 ## _a4 с. 608 ## _aЖурнальная статья _2local 675 ## _aСпортивная тренировка. Методика. Нагрузка. Спортивные результаты. 796.015 _z 700 #1 _aГерасименко _gА О 700 #1 _aТерехова _gМ А 856 4# _auchzapiski.lesgaft.spb.ru _u